Ekofilozofia v dejinách filozofického myslenia

Salvato in:
Dettagli Bibliografici
Autore principale: Odlerová, Eva, 1954- (Autore)
Natura: Libro
Lingua:slovacco
Pubblicazione: Nitra : Univerzita Konštantína Filozofa v Nitre, 2005
Tags: Aggiungi Tag
Nessun Tag, puoi essere il primo ad aggiungerne!!

MARC

LEADER 00000nam a22000003a 4500
001 stu239607
005 20150617230209.4
008 111205s2005----xo------------------slo-d
040 |a STU  |b slo 
041 0 |a slo 
044 |a xo 
100 1 |a Odlerová, Eva,  |d 1954-  |4 aut  |u M4000  |9 100  |U MTF Materiálovotechnologická fakulta  |T MTF Ústav priemyselného inžinierstva a manažmentu  |X 4165  |U M4000  |Y 84  |7 A000004165 
245 1 |a Ekofilozofia v dejinách filozofického myslenia 
260 |a Nitra :  |b Univerzita Konštantína Filozofa v Nitre,  |c 2005 
300 |a 108 s